Histoire de l'Eglise depuis sa fondation jusqu'áa nos jours. Abrégé sommaire áa l'usage de la jeunesse, par Une réunion de professeurs. Ouvrage approuvé par LL. EE. les cardinaux de Reims et de Lyon, LL. GG. les archevêques de Tours et de Chambéry et NN. SS. les évêques de Tarentas. (Record no. 77843)

MARC details
000 -LEADER
campo de control de longitud fija 00744nam a2200181 i 4500
001 - NÚMERO DE CONTROL
campo de control 77843
003 - IDENTIFICADOR DE NÚMERO DE CONTROL
campo de control ES-MaACL
005 - FECHA Y HORA DE LA ÚLTIMA TRANSACCIÓN
campo de control 20250831072554.0
007 - CAMPO FIJO DE DESCRIPCIÓN FÍSICA--INFORMACIÓN GENERAL
campo de control de longitud fija t|
008 - DATOS DE LONGITUD FIJA--INFORMACIÓN GENERAL
campo de control de longitud fija 041111s1914 fr ||||1| fre d
080 ## - NÚMERO DE LA CLASIFICACIÓN DECIMAL UNIVERSAL
Número de la Clasificación Decimal Universal 26(04)
245 00 - MENCIÓN DEL TÍTULO
Título Histoire de l'Eglise depuis sa fondation jusqu'áa nos jours. Abrégé sommaire áa l'usage de la jeunesse, par Une réunion de professeurs. Ouvrage approuvé par LL. EE. les cardinaux de Reims et de Lyon, LL. GG. les archevêques de Tours et de Chambéry et NN. SS. les évêques de Tarentas.
260 ## - PUBLICACIÓN, DISTRIBUCIÓN, ETC.
Lugar de publicación, distribución, etc. Tours :
Nombre del editor, distribuidor, etc. Maison A. Mame et Fils,
Fecha de publicación, distribución, etc. 1914.
300 ## - DESCRIPCIÓN FÍSICA
Extensión 280 p. ;
Dimensiones 18 cm.
650 07 - PUNTO DE ACCESO ADICIONAL DE MATERIA--TÉRMINO DE MATERIA
Término de materia o nombre geográfico como elemento de entrada Historia eclesiástica
Fuente del encabezamiento o término embne
9 (RLIN) 13400
852 ## - LOCALIZACIÓN
Ubicación ES-MaACL
Número de control de estantería E-10330
Holdings
Estatus retirado Estado de pérdida Estado de daño No para préstamo Biblioteca de origen Biblioteca actual Ubicación en estantería Fecha de adquisición Fuente de adquisición Total de préstamos Signatura topográfica completa Código de barras Visto por última vez Precio de reemplazo Tipo de ítem Koha
        Biblioteca del Ateneo de Madrid Biblioteca del Ateneo de Madrid Depósito 2 17/01/2008     E-10330 1081438 23/02/2023 23/02/2023 Libro impreso